Statistics for College Football - Team Logos: Sun Belt

Click here to take the quiz!

General Stats

  • This quiz has been taken 134 times
    (22 since last reset)
  • The average score is 10 of 14

Answer Stats

QuestionAnswer% Correct
Choose the Sun Belt team:
100%
Choose the Sun Belt team:
79%
Choose the Sun Belt team:
79%
Choose the Sun Belt team:
79%
Choose the Sun Belt team:
74%
Choose the Sun Belt team:
68%
Choose the Sun Belt team:
68%
Choose the Sun Belt team:
63%
Choose the Sun Belt team:
63%
Choose the Sun Belt team:
58%
Choose the Sun Belt team:
58%
Choose the Sun Belt team:
58%
Choose the Sun Belt team:
53%
Choose the Sun Belt team:
53%

Score Distribution

Percentile by Number Answered

Percent of People with Each Score

Your Score History

You have not taken this quiz since the last reset